Florencia en la Edad Media (Record no. 60192)

MARC details
000 -LEADER
campo de control de longitud fija 00582nam a2200181 i 4500
001 - NÚMERO DE CONTROL
campo de control 60192
003 - IDENTIFICADOR DE NÚMERO DE CONTROL
campo de control ES-MaACL
005 - FECHA Y HORA DE LA ÚLTIMA TRANSACCIÓN
campo de control 20230906164155.0
007 - CAMPO FIJO DE DESCRIPCIÓN FÍSICA--INFORMACIÓN GENERAL
campo de control de longitud fija t|
008 - DATOS DE LONGITUD FIJA--INFORMACIÓN GENERAL
campo de control de longitud fija 031103s1909 it ||||1| spa d
080 ## - NÚMERO DE LA CLASIFICACIÓN DECIMAL UNIVERSAL
Número de la Clasificación Decimal Universal 945.052
100 1# - ENTRADA PRINCIPAL--NOMBRE DE PERSONA
Nombre de persona Errazuriz Urmeneta, Rafael.
9 (RLIN) 47429
245 10 - MENCIÓN DEL TÍTULO
Título Florencia en la Edad Media
Resto del título : historia y crónicas /
Mención de responsabilidad, etc. Rafael Errazuriz Urmeneta.
260 ## - PUBLICACIÓN, DISTRIBUCIÓN, ETC.
Lugar de publicación, distribución, etc. Roma :
Nombre del editor, distribuidor, etc. [s.n.],
Fecha de publicación, distribución, etc. 1909 (
Fabricante Unione Editrice)
300 ## - DESCRIPCIÓN FÍSICA
Extensión VIII, 396 p. ;
Dimensiones 21 cm.
651 #4 - PUNTO DE ACCESO ADICIONAL DE MATERIA--NOMBRE GEOGRÁFICO
Nombre geográfico Florencia-
Subdivisión general Historia.
9 (RLIN) 137161
852 ## - LOCALIZACIÓN
Ubicación ES-MaACL
Número de control de estantería D-1185
Nota libre .- Dedicatoria manuscrita del autor
Holdings
Estatus retirado Estado de pérdida Estado de daño No para préstamo Biblioteca de origen Biblioteca actual Ubicación en estantería Fecha de adquisición Fuente de adquisición Total de préstamos Signatura topográfica completa Código de barras Visto por última vez Precio de reemplazo Tipo de ítem Koha
        Biblioteca del Ateneo de Madrid Biblioteca del Ateneo de Madrid Sala Valle Inclán 17/01/2008     D-1185 901063137 23/02/2023 23/02/2023 Libro impreso